<?xml version="1.0" encoding="UTF-8"?>
<record
    xmlns:xsi="http://www.w3.org/2001/XMLSchema-instance"
    xsi:schemaLocation="http://www.loc.gov/MARC21/slim http://www.loc.gov/standards/marcxml/schema/MARC21slim.xsd"
    xmlns="http://www.loc.gov/MARC21/slim">

  <leader>01220aam a2200301   4500</leader>
  <controlfield tag="001">20852</controlfield>
  <controlfield tag="003">CO-MdFUSB</controlfield>
  <controlfield tag="005">20180622074843.0</controlfield>
  <controlfield tag="008">170316t2009    enk||||f |||| 00| 0 eng d</controlfield>
  <datafield tag="020" ind1=" " ind2=" ">
    <subfield code="a">978-0-567-03420-5</subfield>
  </datafield>
  <datafield tag="040" ind1=" " ind2=" ">
    <subfield code="a">CO-MdFUSB</subfield>
    <subfield code="b">spa</subfield>
    <subfield code="c">CO-MdFUSB</subfield>
    <subfield code="d">CO-MdFUSBC</subfield>
    <subfield code="e">rda</subfield>
  </datafield>
  <datafield tag="041" ind1=" " ind2=" ">
    <subfield code="a">eng</subfield>
  </datafield>
  <datafield tag="082" ind1=" " ind2=" ">
    <subfield code="2">24</subfield>
    <subfield code="a">G 232.4</subfield>
    <subfield code="b">D153s</subfield>
  </datafield>
  <datafield tag="100" ind1="1" ind2=" ">
    <subfield code="a">Daly, Robert J.</subfield>
    <subfield code="e">autor</subfield>
  </datafield>
  <datafield tag="245" ind1="1" ind2="0">
    <subfield code="a">Sacrifice unveiled</subfield>
    <subfield code="b">: The true meaning of Christian sacrifice</subfield>
    <subfield code="c">/ Robert J. Daly</subfield>
  </datafield>
  <datafield tag="264" ind1=" " ind2="1">
    <subfield code="a">London : </subfield>
    <subfield code="b">T &amp; T Clark,</subfield>
    <subfield code="c">&#x2117;2009</subfield>
  </datafield>
  <datafield tag="264" ind1=" " ind2="4">
    <subfield code="c">&#xA9;2009</subfield>
  </datafield>
  <datafield tag="300" ind1=" " ind2=" ">
    <subfield code="a">xv, 260 p&#xE1;ginas</subfield>
    <subfield code="b">: </subfield>
    <subfield code="c">; </subfield>
  </datafield>
  <datafield tag="336" ind1=" " ind2=" ">
    <subfield code="2">rdacontent</subfield>
    <subfield code="a">1</subfield>
    <subfield code="b">a1</subfield>
  </datafield>
  <datafield tag="337" ind1=" " ind2=" ">
    <subfield code="2">rdamedia</subfield>
    <subfield code="a">2</subfield>
    <subfield code="b">5</subfield>
  </datafield>
  <datafield tag="338" ind1=" " ind2=" ">
    <subfield code="2">rdacarrier</subfield>
    <subfield code="a">2</subfield>
    <subfield code="b">5</subfield>
  </datafield>
  <datafield tag="501" ind1=" " ind2=" ">
    <subfield code="a">Incluye &#xED;ndices (p. 239-260) </subfield>
  </datafield>
  <datafield tag="505" ind1="0" ind2="0">
    <subfield code="a">Para dar a conocer el sacrificio - Los or&#xED;genes y el desarrollo temprano de la idea del sacrificio cristiano - Sacrificio en el mundo antiguo y en las escrituras hebreas - Sacrificio en el Nuevo Testamento - Sacrificio en los padres de la iglesia - Expiaci&#xF3;n y sacrificio - Desde las consecuencias de la reforma hasta el presente - Sacrificio: Un viaje de descubrimiento</subfield>
  </datafield>
  <datafield tag="563" ind1=" " ind2=" ">
    <subfield code="a">Pasta dura</subfield>
  </datafield>
  <datafield tag="650" ind1=" " ind2="7">
    <subfield code="9">239</subfield>
    <subfield code="a">Cristolog&#xED;a</subfield>
  </datafield>
  <datafield tag="942" ind1=" " ind2=" ">
    <subfield code="c">BK</subfield>
  </datafield>
  <datafield tag="952" ind1=" " ind2=" ">
    <subfield code="0">0</subfield>
    <subfield code="1">0</subfield>
    <subfield code="2">ddc</subfield>
    <subfield code="4">0</subfield>
    <subfield code="7">0</subfield>
    <subfield code="8">GEN</subfield>
    <subfield code="a">FUSBC</subfield>
    <subfield code="b">FUSBC</subfield>
    <subfield code="d">2015-08-27</subfield>
    <subfield code="l">0</subfield>
    <subfield code="o">G 232.4 D153s</subfield>
    <subfield code="p">20021</subfield>
    <subfield code="r">2019-12-12 00:00:00</subfield>
    <subfield code="t">Ej. 1</subfield>
    <subfield code="w">2016-01-26</subfield>
    <subfield code="y">BK</subfield>
    <subfield code="B">0</subfield>
    <subfield code="I">INV2023</subfield>
  </datafield>
  <datafield tag="999" ind1=" " ind2=" ">
    <subfield code="c">47203</subfield>
    <subfield code="d">47203</subfield>
  </datafield>
</record>
